000 01098nam a2200289 i 4500
003 DO-SdBNP
005 20250602111117.0
007 ta
008 250602b2022 dr ||||| |||| 00| 0 spa d
020 _a9789945509274
040 _aDO-SdBNP
_bspa
_cBNPHU
_erda
082 _axxx
_bF363
_222
100 1 _aFernández Florencio, Katherine
_eautora
_4aut.
_987932
245 1 0 _aSistema político y elecciones :
_banálisis especializado con base en la encuesta de cultura política y cambio climático en República Dominicana /
_cKatherine Fernández Florencio, Alexandra Viloria
264 1 _aSanto Domingo :
_bFundación Friedrich Ebert Stiftung,
_c2022.
300 _a12 páginas :
_c30 cm.
336 _atexto
_btxt
_2rdacontent
337 _asin mediación
_bn
_2rdamedia
338 _avolumen
_bnc
_2rdacarrier
490 1 _aDemocracia y derechos humanos
490 1 _aPerspectiva
500 _aIncluye datos biografícos de las autoras en la página 13.
590 _aInventariado, 2025/ YL
700 1 _aViloria, Alexandra
_eautora
_4aut.
_983929
910 _aYLockward
942 _2ddc
_cLF2
999 _c59112
_d59112